• 首页
  • 本馆介绍
  • 公告通知
  • 最新文献
  • 馆藏检索
  • 电子资源
  • 读者导购
  • 参考咨询
  • 我的图书馆
  • 登录
  • 详细信息显示
  • 放入我的书架
  • 预约/预借图书
  • 作者相关作品
  • 分类相关作品
  • 丛书相关作品
  • 出版社相关作品

书目信息

  • 表格格式
  • 工作单格式
  • 卡片格式
题名:
甲组剑术图解
    
 
作者: ;中华人民共和国体育运动委员会运动司 编
分册:  
出版信息: 北京   人民体育出版社  1962
页数: 57页
开本: 20cm
丛书名:
单 册:
中图分类: G852.24
科图分类:
主题词: 武术 , 民族形式体育
电子资源:
ISBN:
000 00717nam0 2200205 450
001 0657170156
005 20060808155415.78
010    @dCNY0.18
100    @a20060808d1962 km y0chiy0120 ea
101 0  @achi
102    @aCN@b110000
200 1  @a甲组剑术图解@Ajia zu jian shu tu jie@f中华人民共和国体育运动委员会运动司编@Fzhong hua ren min gong he guo ti yu yun dong wei yuan hui yun dong si bian
210    @a北京@c人民体育出版社@d1962
215    @a57页@c图@d20cm
606 0  @a武术
606 0  @a民族形式体育
690    @aG852.24@v3
711  0 @a中华人民共和国体育运动委员会运动司@Azhong hua ren min gong he guo ti yu yun dong wei yuan hui yun dong si@4编
801  0 @aCN@bPFT@c20060808
905    @a10447@dG852.24@e119
    
    甲组剑术图解/中华人民共和国体育运动委员会运动司编.-北京:人民体育出版社,1962
    57页:图;20cm
    
    
    ISBN :CNY0.18
    
●
相关链接 在E读中查询图书 在五车中查询图书 在当当中查询图书 在豆瓣中查询图书


正题名:甲组剑术图解     索取号:G852.24/119         预约/预借

序号 登录号 条形码 馆藏地/架位号 状态 备注
1 0447427   204474274   密集书库/ [索取号:G852.24/119] 在馆    
唐山师范学院图书馆 欢迎您!
大连网信软件有限公司© 版权所有